banner-ar

اضمحلال العصور الوسطى : (Record no. 63799)

MARC details
000 -الفاتح
حقل البيانات ثابتة الطول 01303nam a22002777a 4500
005 - وقت وتاريخ اخر تعامل مع التسجيلة
رقم الضبط 20240530110659.0
008 - عناصر البيانات ثابتة الطول - معلومات عامة
حقل البيانات ثابتة الطول 171225s2015 ua a g b 000 0dara d
017 ## - رقم الايداع القانونى
رقم الايداع القانونى 2015/8621
المصدر ( الهيئة المختصة) مصر. دار الكتب
020 ## - الرقم الدولى المعيارى للكتب
الرقم الدولى المعيارى للكتاب 9789779202402
040 ## - مصدر الفهرسة
وكالة الفهرسة الأصلية EG-CaGPL
وكالة النسخ EG-CaGPL
082 04 - رقم تصنيف ديوى العشرى
رقم الطبعة 21
رقم التصنيف 909.07\
رقم المادة هـ إ
100 1# - المدخل الرئيسى - إسم شخصى
الإسم الشخصى هويزنجا ، يوهان
245 10 - بيان العنوان
العنوان اضمحلال العصور الوسطى :
بقية العنوان دراسة لنماذج الحياة والفكر والفن بفرنسا والاراضى المنخفضة /
بيان المسئوليه,etc تأليف يوهان هويزنجا ؛ ترجمة عبدالعزيز توفيق جاويد ؛ تقديم مصطفى النشار .
250 ## - بيان الطبعة
بيان الطبعة ط.1
260 ## - PUBLICATION, DISTRIBUTION, ETC. (IMPRINT)
تاريخ النشر أو التوزيع 2015 .
300 ## - الوصف المادى
التعداد 350 ص. ؛
أبعاد الوعاء 24 سم.
490 ## - بيان السلسلة
عنوان السلسلة المركز القومى للترجمة : سلسلة ميراث الترجمة ؛
رقم المجلد/ التعيين التسلسلي 2606
650 07 - المدخل الاضافى بالموضوع-مصطلح موضوعى
مصدر الرأس أو المصطلح qrmak
مصطلح موضوعي العصور الوسطى
650 07 - المدخل الاضافى بالموضوع-مصطلح موضوعى
مصدر الرأس أو المصطلح qrmak
مصطلح موضوعي الحياة الدينية
التقسيم الفرعي الزمني العصور الوسطى
650 07 - المدخل الاضافى بالموضوع-مصطلح موضوعى
مصدر الرأس أو المصطلح qrmak
مصطلح موضوعي الفن
التقسيم الفرعي الزمني العصور الوسطى
651 ## - المدخل الاضافى بالموضوع - اسم جغرافى
مصدر الرأس أو المصطلح qrmak
700 0# - المدخل الاضافى - اسم شخصى
الإسم الشخصى عبدالعزيز توفيق جاويد
الدور مترجم
700 0# - المدخل الاضافى - اسم شخصى
الإسم الشخصى مصطفى النشار
الدور مقدم
942 ## - عناصر المدخل الإضافي( كوها)
مصدر التصنيف او مخطط الترفيف Dewey Decimal Classification
Koha [default] item type كتاب
260 ## - PUBLICATION, DISTRIBUTION, ETC. (IMPRINT)
-- القاهرة :
-- المركز القومى للترجمة ،
Holdings
حالة التراجع حالة الفقد حالة تلف ليس للاعارة المكان المؤقت الموقع الحالى موقع الترفيف تاريخ الاكتساب اجمالي اﻻعارات رقم الطلب الباركود تاريخ اخر مشاهدة تاريخ تفعيل السعر نوع وعاء كوها
        مكتبة القاهرة الكبرى مكتبة القاهرة الكبرى القاعة الرئيسية 12/30/2017   909.07\ هـ إ 163911 12/30/2017 12/30/2017 كتاب

Powered By

EGPV